| 000 | 00558nam a2200169 a 4500 | ||
|---|---|---|---|
| 005 | 20140310183207.0 | ||
| 008 | 030203s19uu xx 00 eng d | ||
| 050 |
_aRM 170 _b.G33 2003 |
||
| 100 | _aGahart, Betty L. | ||
| 245 |
_aIntravenous medications : _ba handbook for nurses and allied health professionals / _cBetty L. Gahart. |
||
| 521 | _aNUR | ||
| 650 |
_aIntravenous theraphy _xhandbooks, manuals, etc. |
||
| 650 |
_aInfusions, intravenous _xhandook, manuals, etc. |
||
| 650 | _aInjections, intravenous | ||
| 942 |
_cBK _2lcc _kFOR |
||
| 999 |
_c20022 _d20022 |
||